Normal view
MARC view
- Dinwoodie, J. M Desch, H. E
Entry Personal Name
001 - CONTROL NUMBER
- control field: 74855
003 - CONTROL NUMBER IDENTIFIER
- control field: NUST
005 - DATE AND TIME OF LATEST TRANSACTION
- control field: 20210628205314.0
008 - FIXED-LENGTH DATA ELEMENTS
- fixed length control field: 210628|| aca||aabn | a|a d
040 ## - CATALOGING SOURCE
- Original cataloging agency: NUST
- Transcribing agency: NUST
100 ## - HEADING--PERSONAL NAME
- Personal name: Dinwoodie, J. M Desch, H. E
670 ## - SOURCE DATA FOUND
- Source citation: Work cat.: (NUST): Dinwoodie, J. M Desch, H. E, Timber structres properties conversion and use, 1996
